Cuestión de Jalisco : examinada en sus relaciones con el derecho constitucional, local y federal /
Estudio del problema que surgió en Jalisco cuando el Congreso extendió las fechas programadas para sus sesiones.
Збережено в:
| Автор: | |
|---|---|
| Формат: | Книга |
| Мова: | Іспанська |
| Предмети: | |
| Теги: |
Немає тегів, Будьте першим, хто поставить тег для цього запису!
|
MARC
| LEADER | 00000nam^a2200000^a^4500 | ||
|---|---|---|---|
| 001 | 000136649 | ||
| 005 | 20250526000000.0 | ||
| 009 | 20260310095326.318 | ||
| 037 | |a Acervo ITESO - Biblioteca | ||
| 041 | |a ESP | ||
| 082 | |a 972. 350511 |b VAL | ||
| 100 | |a Vallarta, Ignacio Luis |e (autor) | ||
| 245 | 1 | 0 | |a Cuestión de Jalisco : |b examinada en sus relaciones con el derecho constitucional, local y federal / |c I.L. Vallarta. |
| 264 | |a México : |b Imprenta de Ignacio Cumplido, |c 1870 | ||
| 300 | |a 135 p. ; |c 22.0 cm. | ||
| 520 | |a Estudio del problema que surgió en Jalisco cuando el Congreso extendió las fechas programadas para sus sesiones. | ||
| 649 | |a XX | ||
| 650 | |a Congreso de la Unión - |z Jalisco - |x Historia | ||
| 650 | |a Congreso de la Unión - |z México - |x Historia | ||
| 650 | |a Poder Legislativo - |z Jalisco - |x Historia | ||
| 650 | |a Poder Legislativo - |z México - |x Historia | ||
| 650 | |a Derecho Constitucional - |z Jalisco - |x Historia | ||
| 650 | |a Derecho Constitucional - |z México - |x Historia | ||
| 650 | |a Derecho Público - |z Jalisco - |x Historia | ||
| 650 | |a Derecho Público - |z México - |x Historia | ||
| 650 | |a Derecho Federal - |z Jalisco - |x Historia | ||
| 650 | |a Derecho Federal - |z México - |x Historia | ||
| 650 | |a Derecho - |z Jalisco - |x Historia - |y 1867-1872 | ||
| 650 | |a Derecho - |z México - |x Historia - |y 1867-1872 | ||
| 650 | |a Política - |z Jalisco - |x Historia - |y 1867-1872 | ||
| 650 | |a Política - |z México - |x Historia - |y 1867-1872 | ||
| 650 | |a Jalisco - |x Historia - |y 1867-1872 | ||
| 650 | |a Jalisco - |x Historia - |y República Liberal, 1867-1911 | ||
| 650 | |a Jalisco - |x Historia - |y Siglo XIX | ||
| 650 | |a México - |x Historia - |y 1867-1872 | ||
| 650 | |a México - |x Historia - |y República Liberal, 1867-1911 | ||
| 650 | |a México - |x Historia - |y Siglo XIX | ||
| 910 | |a Fondo Salvador Reynoso Reynoso | ||
| 920 | |a Impresos - Libros | ||
| 930 | |a Libros Antiguos y Raros | ||
| 905 | |a 108 | ||
| 901 | |a 0800014804 |b IT2 |c LRA |u 20250526 | ||
| 902 | |a https://opac.biblio.iteso.mx/vufind/Record/000136649 | ||